[Event "Madrid ch sf-A"]
[Site "Madrid ESP"]
[Date "2006.01.18"]
[Round "6.1"]
[White "Ruiz Saiz, Agustin"]
[Black "Ballesteros Gonzalez, David"]
[Result "1-0"]
[WhiteElo "2246"]
[BlackElo "2224"]
[PlyCount "133"]
[EventDate "2006.01.23"]
[EventType "swiss"]
[EventRounds "9"]
[EventCountry "ESP"]
[Source "lmi"]
[SourceDate "2006.01.29"]

1. d4 g6 2. c4 Bg7 3. Nc3 Nf6 4. e4 d6 5. f4 O-O 6. Nf3 c5 7. d5 e6 8. dxe6
Bxe6 9. Bd3 Nc6 10. O-O Bg4 11. h3 Bxf3 12. Qxf3 Nd4 13. Qf2 Nd7 14. Be3 Re8
15. Rad1 Kh8 16. Kh1 h6 17. f5 g5 18. Nd5 Be5 19. Bb1 Nf6 20. Bxd4 Bxd4 21.
Rxd4 cxd4 22. Qxd4 Re5 23. Nxf6 Qxf6 24. Rd1 Kg7 25. Qxd6 Qxd6 26. Rxd6 Rc8 27.
Bd3 Rc6 28. Rd7 Rb6 29. b3 Kf8 30. c5 Rxc5 31. Bc4 Ke8 32. Rd2 Ke7 33. Kg1 f6
34. Kf2 Rd6 35. Bd5 Rc3 36. Ke2 b5 37. Kd1 Rd8 38. b4 Rdc8 39. Bb3 Re3 40. Be6
Rd8 41. Bd5 a6 42. Kc2 Re1 43. Kd3 Rb1 44. Rc2 Rxb4 45. Rc6 Rd6 46. Rc7+ Kd8
47. Rh7 Rb2 48. Kd4 Rxg2 49. Kc5 Rd7 50. Rxh6 Rc2+ 51. Kb6 Rd6+ 52. Ka5 Rc3 53.
Be6 Kc7 54. Rxf6 Ra3+ 55. Kb4 Rxh3 56. Rf8 Kb6 57. Rb8+ Kc7 58. Rc8+ Kb7 59.
Rg8 Re3 60. Kc5 Rc6+ 61. Kd4 Rcc3 62. Rxg5 b4 63. f6 Rf3 64. f7 Kc7 65. Kd5
Rcd3+ 66. Ke5 a5 67. Rf5 1-0

[Event "Madrid ch sf-A"]
[Site "Madrid ESP"]
[Date "2006.01.18"]
[Round "6.2"]
[White "Pastor Alonso de Prado, Alberto"]
[Black "Barez Menendez, Hector"]
[Result "1/2-1/2"]
[WhiteElo "2192"]
[BlackElo "2229"]
[PlyCount "47"]
[EventDate "2006.01.23"]
[EventType "swiss"]
[EventRounds "9"]
[EventCountry "ESP"]
[Source "lmi"]
[SourceDate "2006.01.29"]

1. e4 e5 2. Nc3 Nf6 3. Nf3 Nc6 4. Bb5 Bb4 5. O-O O-O 6. d3 d6 7. Bxc6 bxc6 8.
Ne2 h6 9. Ng3 Bc5 10. c3 Bb6 11. h3 Re8 12. Re1 Bd7 13. Nh4 Ng4 14. hxg4 Qxh4
15. Be3 Qxg4 16. Qd2 h5 17. Nf1 h4 18. f3 Qh5 19. d4 f6 20. a4 a5 21. d5 Bxe3+
22. Nxe3 c5 23. b4 Reb8 24. bxc5 1/2-1/2

[Event "Madrid ch sf-A"]
[Site "Madrid ESP"]
[Date "2006.01.18"]
[Round "6.3"]
[White "Salas Romero, Santiago"]
[Black "Elissalt Cardenas, Hector"]
[Result "0-1"]
[WhiteElo "2122"]
[BlackElo "2346"]
[PlyCount "44"]
[EventDate "2006.01.23"]
[EventType "swiss"]
[EventRounds "9"]
[EventCountry "ESP"]
[Source "lmi"]
[SourceDate "2006.01.29"]

1. Nf3 g6 2. c4 Bg7 3. e4 e5 4. d4 exd4 5. Nxd4 Nc6 6. Be3 Nge7 7. Nc3 O-O 8.
Be2 d6 9. Nxc6 bxc6 10. O-O c5 11. Bg5 h6 12. Bh4 Rb8 13. Bxe7 Qxe7 14. Qc2 f5
15. exf5 Bxf5 16. Bd3 Rxb2 17. Qxb2 Bxd3 18. Rfe1 Qf7 19. Rac1 Bd4 20. Re2 Bxe2
21. Qxe2 Qxf2+ 22. Kh1 Bxc3 0-1

[Event "Madrid ch sf-A"]
[Site "Madrid ESP"]
[Date "2006.01.18"]
[Round "6.4"]
[White "Gonzalez Somoza, Oliver"]
[Black "Santos Ortigosa, Joaquin"]
[Result "1-0"]
[WhiteElo "2218"]
[BlackElo "1847"]
[PlyCount "21"]
[EventDate "2006.01.23"]
[EventType "swiss"]
[EventRounds "9"]
[EventCountry "ESP"]
[Source "lmi"]
[SourceDate "2006.01.29"]

1. e4 d5 2. Nc3 Nf6 3. e5 d4 4. Nce2 Nfd7 5. e6 Nf6 6. exf7+ Kxf7 7. Nf3 c5 8.
Nf4 e6 9. Ng5+ Ke7 10. Bc4 Nc6 11. O-O 1-0

[Event "Madrid ch sf-A"]
[Site "Madrid ESP"]
[Date "2006.01.18"]
[Round "6.5"]
[White "Blanco Sanjuan, Jorge"]
[Black "De la Fuente Gonzalez, Francisco"]
[Result "1-0"]
[WhiteElo "2137"]
[BlackElo "2213"]
[PlyCount "132"]
[EventDate "2006.01.23"]
[EventType "swiss"]
[EventRounds "9"]
[EventCountry "ESP"]
[Source "lmi"]
[SourceDate "2006.01.29"]

1. d4 d5 2. c4 c6 3. Nf3 Nf6 4. Qc2 g6 5. Nc3 Bg7 6. e3 O-O 7. cxd5 cxd5 8. Ne5
Nc6 9. Nxc6 bxc6 10. Na4 Qd6 11. Bd3 Ng4 12. h3 Nh6 13. g4 e5 14. dxe5 Bxe5 15.
Bd2 Rb8 16. Bc3 Be6 17. Nc5 d4 18. Ne4 Qd8 19. exd4 Bxd4 20. g5 Nf5 21. Nf6+
Kg7 22. O-O-O c5 23. Bxf5 Bxf5 24. Qa4 Qd6 25. Rxd4 cxd4 26. Qxd4 Qxd4 27. Bxd4
Rfc8+ 28. Kd2 Rd8 29. Ke3 Rb7 30. Bc3 Rd3+ 31. Kf4 Bxh3 32. Ng4+ Rxc3 33. bxc3
Bxg4 34. Kxg4 Rb2 35. Rc1 Rxf2 36. c4 Rxa2 37. c5 Rb2 38. c6 Rb8 39. Kf4 Kf8
40. Ke5 Ke7 41. Kd5 Rb5+ 42. Kc4 Rb8 43. Kc5 f6 44. Re1+ Kf7 45. Rf1 f5 46. c7
Re8 47. Rh1 Kg7 48. Kd6 Rf8 49. Ra1 h6 50. Rxa7 Rc8 51. Kd7 Rxc7+ 52. Kxc7 hxg5
53. Kd6+ Kf6 54. Kd5 g4 55. Kd4 Kg5 56. Ke3 f4+ 57. Kf2 Kf5 58. Ra5+ Kf6 59.
Ke2 g5 60. Kd3 Kg6 61. Ra8 g3 62. Ke4 Kf6 63. Ra6+ Kg7 64. Kf3 Kf7 65. Kg4 Kg7
66. Rg6+ Kxg6 1-0

[Event "Madrid ch sf-A"]
[Site "Madrid ESP"]
[Date "2006.01.18"]
[Round "6.6"]
[White "Camacho Casado, Demetrio"]
[Black "Suarez Triguero, Jose Alfonso"]
[Result "1-0"]
[WhiteElo "2035"]
[BlackElo "2153"]
[PlyCount "75"]
[EventDate "2006.01.23"]
[EventType "swiss"]
[EventRounds "9"]
[EventCountry "ESP"]
[Source "lmi"]
[SourceDate "2006.01.29"]

1. d4 Nf6 2. Nf3 d6 3. Nc3 Bf5 4. Bg5 Nbd7 5. e3 h6 6. Bh4 c6 7. Bd3 Bxd3 8.
cxd3 e5 9. Rc1 Be7 10. O-O O-O 11. b4 Qb6 12. Qb3 Rfe8 13. a4 a5 14. b5 exd4
15. Nxd4 Nc5 16. Qb1 cxb5 17. Ndxb5 Na6 18. Bxf6 Bxf6 19. Nd5 Qd8 20. Nbc7 Nxc7
21. Nxc7 Qd7 22. Nxa8 Rxa8 23. Qb3 d5 24. Rc5 d4 25. e4 Rc8 26. Rfc1 Rxc5 27.
Rxc5 b6 28. Rb5 Be7 29. Rxb6 Bb4 30. Rxb4 axb4 31. Qxb4 Qc6 32. g3 Qc3 33. Qb5
g5 34. h3 Kh7 35. a5 Kg6 36. a6 f5 37. Qxf5+ Kh5 38. Qf7# 1-0

[Event "Madrid ch sf-A"]
[Site "Madrid ESP"]
[Date "2006.01.18"]
[Round "6.7"]
[White "Lopez de Turiso, Jose Angel"]
[Black "Martin Rodriguez, Emilio"]
[Result "1-0"]
[WhiteElo "2112"]
[BlackElo "2140"]
[PlyCount "68"]
[EventDate "2006.01.23"]
[EventType "swiss"]
[EventRounds "9"]
[EventCountry "ESP"]
[Source "lmi"]
[SourceDate "2006.01.29"]

1. d4 d5 2. c4 c6 3. cxd5 cxd5 4. Nc3 Nf6 5. Bf4 Nc6 6. e3 Bf5 7. Bd3 Bxd3 8.
Qxd3 e6 9. Nge2 Bd6 10. a3 Bxf4 11. Nxf4 O-O 12. O-O Na5 13. b4 Nc4 14. e4 Qc7
15. e5 a6 16. Qg3 Ne8 17. Rfd1 Rc8 18. Rd3 g6 19. Qh4 Ng7 20. Ncxd5 exd5 21.
Nxd5 Qd8 22. Nf6+ Qxf6 23. Qxf6 Rfe8 24. Rf3 Nf5 25. g4 Re6 26. Rxf5 gxf5 27.
Qxf5 b5 28. a4 Rf8 29. axb5 axb5 30. Ra7 Rg6 31. h3 h6 32. Rc7 Nb6 33. Qe4 Nc4
34. Rc6 Kg7 1-0

[Event "Madrid ch sf-A"]
[Site "Madrid ESP"]
[Date "2006.01.18"]
[Round "6.10"]
[White "Cabañas Bravo, Juan Andres"]
[Black "Andalon Gomez, Carlos J"]
[Result "0-1"]
[WhiteElo "2106"]
[BlackElo "2000"]
[PlyCount "76"]
[EventDate "2006.01.23"]
[EventType "swiss"]
[EventRounds "9"]
[EventCountry "ESP"]
[Source "lmi"]
[SourceDate "2006.01.29"]

1. e4 c6 2. Nc3 d5 3. Qf3 dxe4 4. Nxe4 Nd7 5. Ng5 Ngf6 6. d4 h6 7. Ne6 fxe6 8.
Bd3 Kf7 9. Ne2 g5 10. h4 g4 11. Qg3 h5 12. Nf4 Rg8 13. Bd2 Nb6 14. O-O-O Nbd5
15. Ne2 Qd6 16. f4 gxf3 17. Qxf3 Rg4 18. c4 Nb4 19. Bb1 c5 20. Bc3 Bh6+ 21. Bd2
Bxd2+ 22. Rxd2 cxd4 23. Rf1 e5 24. Ng3 Rf4 25. Qb3 Rxf1+ 26. Nxf1 Be6 27. Rf2
Rc8 28. Nd2 b5 29. a3 Bxc4 30. Nxc4 Rxc4+ 31. Kd1 Nbd5 32. Qf3 Ne3+ 33. Kd2 Ke8
34. Bg6+ Kd7 35. Qb7+ Qc7 36. Qxb5+ Kc8 37. Qa6+ Kd8 38. Kd3 Qb6 0-1

[Event "Madrid ch sf-A"]
[Site "Madrid ESP"]
[Date "2006.01.18"]
[Round "6.12"]
[White "Taveira Jimenez, Manuel"]
[Black "Marcos Herrero, Francisco"]
[Result "0-1"]
[WhiteElo "2071"]
[BlackElo "1993"]
[PlyCount "84"]
[EventDate "2006.01.23"]
[EventType "swiss"]
[EventRounds "9"]
[EventCountry "ESP"]
[Source "lmi"]
[SourceDate "2006.01.29"]

1. e4 d6 2. d4 Nf6 3. Nc3 g6 4. f4 Bg7 5. Nf3 O-O 6. Be3 Nbd7 7. e5 Ne8 8. Bc4
e6 9. f5 Nb6 10. Bg5 f6 11. exf6 Bxf6 12. Bxf6 Qxf6 13. Bxe6+ Bxe6 14. fxe6
Qxe6+ 15. Qe2 Ng7 16. O-O-O Qxe2 17. Nxe2 Nf5 18. Rd3 Nd5 19. Rg1 Rae8 20. Kd2
Re7 21. c4 Nde3 22. b3 Rfe8 23. Nc3 Ng4 24. Nd5 Re2+ 25. Kc3 c6 26. h3 cxd5 27.
hxg4 Ne3 28. Rd2 Nxg4 29. cxd5 Nf6 30. Kd3 R2e3+ 31. Kc2 Nxd5 32. Kb2 Kg7 33.
Rc1 h5 34. Rcc2 Kh6 35. Ka3 g5 36. Rf2 h4 37. Nh2 Kg6 38. Nf3 a5 39. Nd2 b5 40.
Rc6 R8e6 41. Nf3 Nc3 42. Rc8 b4+ 0-1

[Event "Madrid ch sf-A"]
[Site "Madrid ESP"]
[Date "2006.01.18"]
[Round "6.13"]
[White "Rodriguez Bachiller, Luis"]
[Black "Barahona Torrijos, Angel"]
[Result "0-1"]
[WhiteElo "1939"]
[BlackElo "2045"]
[PlyCount "106"]
[EventDate "2006.01.23"]
[EventType "swiss"]
[EventRounds "9"]
[EventCountry "ESP"]
[Source "lmi"]
[SourceDate "2006.01.29"]

1. e4 e5 2. Nf3 Nc6 3. Bb5 a6 4. Ba4 Nf6 5. O-O b5 6. Bb3 Be7 7. Re1 Bb7 8. c3
d5 9. exd5 Nxd5 10. Nxe5 Nxe5 11. Rxe5 Nf4 12. Bxf7+ Kxf7 13. Rf5+ Bf6 14. Rxf4
Qd5 15. Rf3 Rhe8 16. d4 Kg8 17. Be3 Bg5 18. Bxg5 Qxg5 19. Rg3 Qh5 20. Nd2 Re2
21. Nf1 Rf8 22. d5 Rfxf2 23. Ne3 Qf7 24. Ng4 Qf4 25. Nxf2 Qxf2+ 26. Kh1 h5 27.
Qd4 Qxd4 28. cxd4 Rxb2 29. Kg1 Bxd5 30. Re1 Rxa2 31. Re7 Bf7 32. Rxc7 b4 33.
Rf3 Bd5 34. Rg3 Bf7 35. Rf3 Be6 36. Rg3 b3 37. Rgxg7+ Kf8 38. Rh7 b2 39. Rh8+
Bg8 40. Rb7 Ra1+ 41. Kf2 b1=Q 42. Rxb1 Rxb1 43. Rxh5 Rb5 44. Rh6 a5 45. Ke3 Bd5
46. g3 Kg7 47. Rh5 a4 48. Kf4 a3 49. Rg5+ Kh6 50. g4 a2 51. Rh5+ Kg6 52. Rg5+
Kf6 53. Rf5+ Ke6 0-1

[Event "Madrid ch sf-A"]
[Site "Madrid ESP"]
[Date "2006.01.23"]
[Round "7.1"]
[White "Elissalt Cardenas, Hector"]
[Black "Ruiz Saiz, Agustin"]
[Result "1-0"]
[WhiteElo "2346"]
[BlackElo "2246"]
[PlyCount "89"]
[EventDate "2006.01.23"]
[EventType "swiss"]
[EventRounds "9"]
[EventCountry "ESP"]
[Source "lmi"]
[SourceDate "2006.01.29"]

1. Nf3 f5 2. g3 g6 3. Bg2 Bg7 4. d4 Nf6 5. O-O O-O 6. c3 e6 7. Nbd2 Nc6 8. b4
Qe7 9. b5 Nd8 10. a4 Nf7 11. Ba3 d6 12. Qb3 Kh8 13. c4 Ne4 14. Rad1 e5 15. Nxe4
fxe4 16. Nxe5 Nxe5 17. dxe5 Qxe5 18. Rd5 Qe7 19. Bb2 Bf5 20. Bxg7+ Qxg7 21. Qe3
Rae8 22. h3 h5 23. Qxa7 b6 24. e3 Re7 25. Qb7 Be6 26. Rd2 Bxc4 27. Rc1 Bd3 28.
Bf1 h4 29. Bxd3 exd3 30. g4 Qf7 31. Qc6 Qb3 32. Qc3+ Qxc3 33. Rxc3 Ra8 34. Rc4
g5 35. Rxd3 Kg7 36. Rd5 Kg6 37. Rf5 Rg8 38. Kf1 Rgg7 39. Ke2 Rgf7 40. Rxf7 Kxf7
41. Kd3 Ke8 42. Re4 d5 43. Rxe7+ Kxe7 44. Kd4 Kd6 45. f4 1-0

[Event "Madrid ch sf-A"]
[Site "Madrid ESP"]
[Date "2006.01.23"]
[Round "7.2"]
[White "Ballesteros Gonzalez, David"]
[Black "Gonzalez Somoza, Oliver"]
[Result "0-1"]
[WhiteElo "2224"]
[BlackElo "2218"]
[PlyCount "56"]
[EventDate "2006.01.23"]
[EventType "swiss"]
[EventRounds "9"]
[EventCountry "ESP"]
[Source "lmi"]
[SourceDate "2006.01.29"]

1. d4 f5 2. c4 g6 3. Nc3 Nf6 4. g3 Bg7 5. Bg2 O-O 6. Nf3 e6 7. d5 exd5 8. cxd5
d6 9. O-O Nbd7 10. Nd4 Nc5 11. f3 a5 12. Nb3 b6 13. Nxc5 bxc5 14. a4 Qe7 15.
Ra3 Nd7 16. Nb5 Nb6 17. h4 Ba6 18. Re1 Nc4 19. Rb3 Bxb5 20. Rxb5 f4 21. Qd3
Bd4+ 22. Kf1 Ne5 23. Qe4 Ng4 24. Bh3 Qxe4 25. fxe4 fxg3+ 26. Kg2 Rf2+ 27. Kxg3
Be5+ 28. Kxg4 h5+ 0-1

[Event "Madrid ch sf-A"]
[Site "Madrid ESP"]
[Date "2006.01.23"]
[Round "7.3"]
[White "De la Fuente Gonzalez, Francisco"]
[Black "Pastor Alonso de Prado, Alberto"]
[Result "1/2-1/2"]
[WhiteElo "2213"]
[BlackElo "2192"]
[PlyCount "93"]
[EventDate "2006.01.23"]
[EventType "swiss"]
[EventRounds "9"]
[EventCountry "ESP"]
[Source "lmi"]
[SourceDate "2006.01.29"]

1. d4 Nf6 2. Nf3 d5 3. c4 dxc4 4. Nc3 c5 5. d5 e6 6. e4 exd5 7. e5 Nfd7 8. Qxd5
Be7 9. Bxc4 O-O 10. Qe4 Nb6 11. Bd3 g6 12. Qe2 Nc6 13. Bh6 Re8 14. O-O-O Bg4
15. Bxg6 Nd4 16. Qe4 Bxf3 17. Bxh7+ Kh8 18. gxf3 Bg5+ 19. Bxg5 Qxg5+ 20. Qe3
Qxe3+ 21. fxe3 Nxf3 22. Be4 Nxe5 23. Bxb7 Rab8 24. Bd5 c4 25. Be4 Nbd7 26. Bc6
Nc5 27. Bxe8 Ned3+ 28. Rxd3 Nxd3+ 29. Kb1 Rxe8 30. Nd1 Re4 31. Rg1 Rh4 32. Rg2
f5 33. Rd2 Kg7 34. b3 Ne5 35. bxc4 Rxc4 36. Rd4 Rc7 37. Kb2 Kf6 38. h4 Ng4 39.
Kb3 Re7 40. Rd6+ Kf7 41. Ra6 Nxe3 42. Nxe3 Rxe3+ 43. Kc2 Re7 44. Kd3 Kg7 45. h5
Kh7 46. Rf6 Re5 47. Ra6 1/2-1/2

[Event "Madrid ch sf-A"]
[Site "Madrid ESP"]
[Date "2006.01.23"]
[Round "7.5"]
[White "Salas Romero, Santiago"]
[Black "Lopez de Turiso, Jose Angel"]
[Result "1-0"]
[WhiteElo "2122"]
[BlackElo "2112"]
[PlyCount "77"]
[EventDate "2006.01.23"]
[EventType "swiss"]
[EventRounds "9"]
[EventCountry "ESP"]
[Source "lmi"]
[SourceDate "2006.01.29"]

1. Nf3 f5 2. d4 Nf6 3. g3 g6 4. b4 Bg7 5. Bb2 d6 6. c4 c6 7. Bg2 Na6 8. a3 O-O
9. O-O Nc7 10. Nbd2 Qe8 11. Qc2 Kh8 12. Rfe1 Nh5 13. e4 f4 14. d5 Qf7 15. dxc6
bxc6 16. Ng5 Qe8 17. e5 Bf5 18. Qa4 d5 19. Rac1 a5 20. b5 cxb5 21. cxb5 Qxb5
22. Qxb5 Nxb5 23. Bxd5 Rad8 24. Rc5 e6 25. Bxe6 fxg3 26. fxg3 Rxd2 27. Rxb5 Bd3
28. Bc3 Rc2 29. Rc5 Rff2 30. Bd5 Bh6 31. Rc8+ Rf8 32. Nf7+ Kg7 33. e6+ Rxc3 34.
Rxc3 Bd2 35. Rxd3 Bxe1 36. Re3 Nf6 37. e7 Re8 38. Nd6 Nxd5 39. Nxe8+ 1-0

[Event "Madrid ch sf-A"]
[Site "Madrid ESP"]
[Date "2006.01.23"]
[Round "7.6"]
[White "Andalon Gomez, Carlos J"]
[Black "Camacho Casado, Demetrio"]
[Result "1-0"]
[WhiteElo "2000"]
[BlackElo "2032"]
[PlyCount "103"]
[EventDate "2006.01.23"]
[EventType "swiss"]
[EventRounds "9"]
[EventCountry "ESP"]
[Source "lmi"]
[SourceDate "2006.01.29"]

1. d4 d5 2. c4 c6 3. Nf3 Nf6 4. Nc3 e6 5. e3 Nbd7 6. Qc2 Be7 7. g4 dxc4 8. Bxc4
b5 9. Bd3 h6 10. Bd2 Bb7 11. e4 a6 12. Rg1 c5 13. d5 exd5 14. e5 Ne4 15. Nxe4
c4 16. Nd6+ Bxd6 17. exd6 cxd3 18. Qxd3 Nc5 19. Qe3+ Ne4 20. O-O-O Qxd6 21. Nd4
O-O 22. Kb1 Nxd2+ 23. Qxd2 Rfe8 24. g5 h5 25. f4 Re4 26. f5 g6 27. fxg6 Qxg6
28. Ka1 Rg4 29. Rxg4 hxg4 30. Rf1 Qe4 31. Nf5 Rf8 32. Qc3 d4 33. Qc7 Bd5 34. g6
Qd3 35. gxf7+ Bxf7 36. Qf4 Qxf1+ 37. Qxf1 Bg6 38. Ne7+ Kg7 39. Qxf8+ Kxf8 40.
Nxg6+ Kg7 41. Ne5 Kf6 42. Nxg4+ Kf5 43. Nf2 Kf4 44. Nd1 Kg4 45. Kb1 Kh3 46. Kc2
Kxh2 47. Kd3 Kg1 48. Kxd4 Kf1 49. Nc3 b4 50. Nd5 a5 51. Kc4 Ke2 52. Nxb4 1-0

[Event "Madrid ch sf-A"]
[Site "Madrid ESP"]
[Date "2006.01.23"]
[Round "7.7"]
[White "Suarez Triguero, Jose Alfonso"]
[Black "Pardo Robles, Jose Manuel"]
[Result "1-0"]
[WhiteElo "2153"]
[BlackElo "1994"]
[PlyCount "89"]
[EventDate "2006.01.23"]
[EventType "swiss"]
[EventRounds "9"]
[EventCountry "ESP"]
[Source "lmi"]
[SourceDate "2006.01.29"]

1. e4 c5 2. c3 Nf6 3. d3 Nc6 4. Nf3 d6 5. Be2 g6 6. h3 c4 7. d4 Nxe4 8. d5 Ne5
9. Qd4 Nxf3+ 10. Bxf3 Nf6 11. Qxc4 Bg7 12. Qb5+ Qd7 13. Qxd7+ Bxd7 14. Be3 b6
15. Bd4 h5 16. O-O O-O 17. Re1 Rfe8 18. Nd2 Rac8 19. a4 Rc7 20. a5 b5 21. Nb3
e5 22. dxe6 fxe6 23. Rad1 e5 24. Be3 Be6 25. Nc1 d5 26. Be2 a6 27. Bb6 Rc6 28.
Nd3 Nd7 29. Nb4 Rcc8 30. Nxa6 Nxb6 31. axb6 Re7 32. Nc7 Rexc7 33. bxc7 Rxc7 34.
Bxb5 Rc5 35. Bd3 Kf7 36. Ra1 Rc7 37. Ra6 e4 38. Bc2 Rb7 39. Rb1 Bf5 40. Rc6 d4
41. cxd4 Bxd4 42. Rc4 Rxb2 43. Rxb2 Bxb2 44. Bxe4 Be6 45. Rc7+ 1-0

[Event "Madrid ch sf-A"]
[Site "Madrid ESP"]
[Date "2006.01.23"]
[Round "7.8"]
[White "Santos Ortigosa, Joaquin"]
[Black "Blanco Sanjuan, Jorge"]
[Result "0-1"]
[WhiteElo "1847"]
[BlackElo "2137"]
[PlyCount "72"]
[EventDate "2006.01.23"]
[EventType "swiss"]
[EventRounds "9"]
[EventCountry "ESP"]
[Source "lmi"]
[SourceDate "2006.01.29"]

1. e4 c5 2. Nf3 d6 3. c3 Nf6 4. Be2 Nc6 5. d3 g6 6. Be3 Ng4 7. Bc1 Bg7 8. h3
Nge5 9. Nbd2 O-O 10. Nh2 e6 11. O-O f5 12. f4 Nd7 13. Nhf3 Rb8 14. a4 b6 15.
Nc4 Qe7 16. exf5 gxf5 17. d4 cxd4 18. cxd4 Nf6 19. Ne3 Nb4 20. Bc4 d5 21. Bd3
Ne4 22. b3 Nxd3 23. Qxd3 Qb7 24. b4 Bd7 25. b5 Rbc8 26. Nd1 Rc4 27. Ne5 Rc7 28.
Bb2 Rfc8 29. Nf2 Rc2 30. Nxe4 dxe4 31. Qb3 Bxe5 32. fxe5 e3 33. Rf3 Qe4 34. Re1
f4 35. d5 exd5 36. Qa3 Rxg2+ 0-1

[Event "Madrid ch sf-A"]
[Site "Madrid ESP"]
[Date "2006.01.23"]
[Round "7.9"]
[White "Martin Rodriguez, Emilio"]
[Black "Mansilla Tolosa, Luis Eduardo"]
[Result "1-0"]
[WhiteElo "2140"]
[BlackElo "2052"]
[PlyCount "109"]
[EventDate "2006.01.23"]
[EventType "swiss"]
[EventRounds "9"]
[EventCountry "ESP"]
[Source "lmi"]
[SourceDate "2006.01.29"]

1. e4 c5 2. d3 e5 3. Nc3 Nf6 4. g3 Nc6 5. Bg2 d6 6. Nge2 Be6 7. Nd5 Bxd5 8.
exd5 Nd4 9. c3 Nxe2 10. Qxe2 Be7 11. O-O O-O 12. f4 exf4 13. Bxf4 Re8 14. Qf3
Qd7 15. h3 h6 16. g4 Nh7 17. Rae1 Bh4 18. Rxe8+ Rxe8 19. Bxd6 Ng5 20. Qf4 Re2
21. c4 Rxb2 22. Bxc5 Rxa2 23. Bd4 Qe8 24. Qe5 Qxe5 25. Bxe5 Re2 26. Bf4 Be1 27.
c5 Bc3 28. c6 Bd4+ 29. Kh1 bxc6 30. h4 cxd5 31. hxg5 hxg5 32. Bxg5 f6 33. Bxd5+
Kf8 34. Bf4 a5 35. Bd6+ Ke8 36. Bc7 Kd7 37. Bxa5 Re5 38. Rf5 Kd6 39. Rxe5 Kxe5
40. Be4 Kf4 41. Bf5 Kg3 42. Bc7+ Kf3 43. Kh2 Kf2 44. Be4 g5 45. Bd6 Be3 46. Be7
Bd4 47. Bd6 Be3 48. Bg3+ Kf1 49. d4 Ke2 50. d5 Bb6 51. Kg2 Ke3 52. Bf5 Bd8 53.
Bf2+ Kf4 54. Bd4 Be7 55. Kf2 1-0

[Event "Madrid ch sf-A"]
[Site "Madrid ESP"]
[Date "2006.01.24"]
[Round "8.1"]
[White "Gonzalez Somoza, Oliver"]
[Black "Elissalt Cardenas, Hector"]
[Result "1/2-1/2"]
[WhiteElo "2218"]
[BlackElo "2346"]
[PlyCount "91"]
[EventDate "2006.01.23"]
[EventType "swiss"]
[EventRounds "9"]
[EventCountry "ESP"]
[Source "lmi"]
[SourceDate "2006.01.29"]

1. e4 e6 2. d4 d5 3. e5 c5 4. c3 Qb6 5. Nf3 Bd7 6. Be2 cxd4 7. Nxd4 Nc6 8. Nxc6
bxc6 9. O-O Ne7 10. b4 Qc7 11. f4 a5 12. bxa5 Nf5 13. g4 Bc5+ 14. Kh1 Ne3 15.
Bxe3 Bxe3 16. Qd3 Ba7 17. a6 O-O 18. Nd2 f6 19. Nf3 Bc8 20. exf6 gxf6 21. Nd4
c5 22. Nb5 Qc6 23. Nxa7 Rxa7 24. Qf3 Bxa6 25. Bxa6 Rxa6 26. Rfd1 Rd8 27. Rd2 d4
28. Qxc6 Rxc6 29. Rad1 Rcd6 30. cxd4 Rxd4 31. Rxd4 cxd4 32. Kg2 e5 33. Kf3 Kf7
34. fxe5 fxe5 35. Ke4 Ke6 36. Rb1 d3 37. Rd1 Rd4+ 38. Ke3 Rxg4 39. Rxd3 Rh4 40.
Rd2 Rh3+ 41. Ke4 Ra3 42. Rb2 Ra4+ 43. Ke3 h5 44. Rf2 Ra3+ 45. Ke4 Ra4+ 46. Ke3
1/2-1/2

[Event "Madrid ch sf-A"]
[Site "Madrid ESP"]
[Date "2006.01.24"]
[Round "8.2"]
[White "Pastor Alonso de Prado, Alberto"]
[Black "Salas Romero, Santiago"]
[Result "1/2-1/2"]
[WhiteElo "2192"]
[BlackElo "2122"]
[PlyCount "104"]
[EventDate "2006.01.23"]
[EventType "swiss"]
[EventRounds "9"]
[EventCountry "ESP"]
[Source "lmi"]
[SourceDate "2006.01.29"]

1. e4 c5 2. Nf3 d6 3. c3 Nf6 4. Bd3 Nc6 5. O-O g6 6. Bc2 Bg7 7. h3 O-O 8. d4
cxd4 9. cxd4 Nb4 10. Bb3 d5 11. e5 Ne4 12. Nc3 Be6 13. Re1 Nxc3 14. bxc3 Nc6
15. Bf4 Rc8 16. Qd2 Na5 17. Bh6 Nc4 18. Qg5 f6 19. Qc1 Re8 20. h4 Qd7 21. Qf4
Rf8 22. Bxg7 Kxg7 23. exf6+ exf6 24. Bxc4 Rxc4 25. Re3 Bf7 26. h5 Rc6 27. h6+
Kg8 28. Rae1 Re6 29. g4 g5 30. Qf5 Rfe8 31. Kg2 Qd6 32. Rxe6 Rxe6 33. Rxe6 Qxe6
34. Nh2 Qxf5 35. gxf5 Kf8 36. Kg3 Bh5 37. f3 Ke7 38. Nf1 Kd6 39. Ne3 b5 40. a3
Kc6 41. Kf2 Kd6 42. Ng2 Be8 43. f4 gxf4 44. Kf3 Bh5+ 45. Kxf4 Ke7 46. Kg3 Be2
47. Nf4 Bc4 48. Kf3 Bb3 49. Ke3 Bc4 50. Kd2 a5 51. Kc2 a4 52. Kd2 Kf7 1/2-1/2

[Event "Madrid ch sf-A"]
[Site "Madrid ESP"]
[Date "2006.01.24"]
[Round "8.3"]
[White "Ballesteros Gonzalez, David"]
[Black "Cruz, Alfredo"]
[Result "1-0"]
[WhiteElo "2224"]
[BlackElo "2254"]
[PlyCount "91"]
[EventDate "2006.01.23"]
[EventType "swiss"]
[EventRounds "9"]
[EventCountry "ESP"]
[Source "lmi"]
[SourceDate "2006.01.29"]

1. d4 d5 2. c4 c6 3. e3 Nf6 4. Nc3 a6 5. a4 e6 6. Nf3 Bb4 7. Bd2 c5 8. cxd5
exd5 9. Bd3 Nc6 10. dxc5 O-O 11. O-O Bxc5 12. Ne2 Bg4 13. Bc3 Bd6 14. Nfd4 Re8
15. h3 Bd7 16. Nf5 Bxf5 17. Bxf5 Ne4 18. Bxe4 dxe4 19. Qb3 Qe7 20. Rfd1 Ne5 21.
Nf4 Rad8 22. Rd5 Ng6 23. Nxg6 hxg6 24. Rad1 Bb8 25. Ba5 Rxd5 26. Qxd5 Bc7 27.
Bxc7 Qxc7 28. Qd7 Re7 29. Qd8+ Kh7 30. g3 g5 31. Qxc7 Rxc7 32. Rd4 f5 33. Kg2
g6 34. g4 Kg7 35. Kg3 Re7 36. Rb4 Kf6 37. Rb6+ Kg7 38. gxf5 gxf5 39. h4 f4+ 40.
exf4 gxh4+ 41. Kxh4 Rc7 42. Kg5 Kf7 43. f5 Ke7 44. Kg6 Rc8 45. f6+ Kd7 46. f7
1-0

[Event "Madrid ch sf-A"]
[Site "Madrid ESP"]
[Date "2006.01.24"]
[Round "8.4"]
[White "Ruiz Saiz, Agustin"]
[Black "De la Fuente Gonzalez, Francisco"]
[Result "1-0"]
[WhiteElo "2246"]
[BlackElo "2213"]
[PlyCount "65"]
[EventDate "2006.01.23"]
[EventType "swiss"]
[EventRounds "9"]
[EventCountry "ESP"]
[Source "lmi"]
[SourceDate "2006.01.29"]

1. Nf3 Nf6 2. g3 d5 3. Bg2 c6 4. O-O Bf5 5. d3 h6 6. Nbd2 e6 7. b3 Be7 8. Bb2
O-O 9. e3 Nbd7 10. Qe2 Bh7 11. Kh1 Qa5 12. a3 Rad8 13. Nh4 Ne8 14. f4 Bf6 15.
Bxf6 Nexf6 16. g4 Qc3 17. Ra2 Kh8 18. b4 Ng8 19. g5 hxg5 20. fxg5 Ne7 21. Nhf3
g6 22. Nd4 Nf5 23. Rxf5 exf5 24. Nb1 Qxd4 25. exd4 Rde8 26. Qf2 Re6 27. c4 Rfe8
28. Nc3 Nb6 29. cxd5 Re1+ 30. Bf1 Nxd5 31. Nxd5 cxd5 32. Kg2 f6 33. gxf6 1-0